سيکس سا ءيکلو جی (Record no. 5371)

MARC details
000 -LEADER
fixed length control field 01025nam a22002417a 4500
005 - DATE AND TIME OF LATEST TRANSACTION
control field 20081106163733.0
008 - FIXED-LENGTH DATA ELEMENTS--GENERAL INFORMATION
fixed length control field 081106t xxu||||| |||| 00| 0 ur d
010 ## - LCCN (DPL NO)
LC control number UR-7358
020 ## - INTERNATIONAL STANDARD BOOK NUMBER
Terms of availability 150.00
International Standard Book Number 8182233046
035 ## - SYSTEM CONTROL NUMBER
System control number U-5913
037 ## - SOURCE OF ACQUISITION
Source of stock number/acquisition D.B.Act / Pub
082 ## - DEWEY DECIMAL CLASSIFICATION NUMBER
Classification number 616.8583
100 ## - MAIN ENTRY--PERSONAL NAME
Personal name آسوالڈ شوا رز
245 ## - TITLE STATEMENT
Title سيکس سا ءيکلو جی
Remainder of title آسوالڈ شوار ز
246 ## - VARYING FORM OF TITLE
Title proper/short title Sex Psychology
Remainder of title by Asward Shewarz
260 ## - PUBLICATION, DISTRIBUTION, ETC. (IMPRINT)
Place of publication, distribution, etc دھلی
Name of publisher, distributor, etc ايجو کيشنل پبليشنگ ہا ؤس
Date of publication, distribution, etc 2007
270 ## - ADDRESS
Address 3108،گلی وکيل، کو چہ پنڈت،لال کنو اں
City دھلی
Postal code 110006
Telephone number 23216162
Fax number 9101123211540
Electronic mail address info@ephbooks.com,ephdelhi@yahoo.com
300 ## - PHYSICAL DESCRIPTION
Extent 320p
Dimensions 22cm (Pbk)
650 ## - SUBJECT ADDED ENTRY--TOPICAL TERM
Topical term or geographic name as entry element Sex Psychology
650 ## - SUBJECT ADDED ENTRY--TOPICAL TERM
Topical term or geographic name as entry element سيکس سا ءيکلو جی
942 ## - ADDED ENTRY ELEMENTS (KOHA)
Institution code [OBSOLETE] dpl
Item type Urdu Bks
Source of classification or shelving scheme Dewey Decimal Classification
Classification part 616.8583
Call number suffix سيک
Holdings
Withdrawn status Lost status Source of classification or shelving scheme Damaged status Not for loan Collection code Home library Current library Date acquired Cost, normal purchase price Total Checkouts Full call number Barcode Date last seen Copy number Cost, replacement price Koha item type
    Dewey Decimal Classification   Not For Loan Non-fiction D.B.Act.Division D.B.Act.Division 06/11/2008 150.00   616.8583 سيک U-5913 15/09/2008 1 150.00 Urdu Bks

© Delhi Public Library
Hit Counter
free hit counter